Microeconomic theory : (Record no. 11111)

MARC details
000 -LEADER
fixed length control field 00848mam a2200289 a 4500
001 - CONTROL NUMBER
control field 1591324
003 - CONTROL NUMBER IDENTIFIER
control field 000
005 - DATE AND TIME OF LATEST TRANSACTION
control field 20150701153350.0
008 - FIXED-LENGTH DATA ELEMENTS--GENERAL INFORMATION
fixed length control field 910226s1995 txua b 001 0 eng
020 ## - INTERNATIONAL STANDARD BOOK NUMBER
International Standard Book Number 0030075548
035 ## - SYSTEM CONTROL NUMBER
System control number (OCoLC)32616929
System control number (OCoLC)ocm32616929
System control number (NNC)1591324
040 ## - CATALOGING SOURCE
Original cataloging agency UOEL
Transcribing agency NNC
050 00 - LIBRARY OF CONGRESS CALL NUMBER
Classification number HB172
Item number .N49 1995
100 1# - MAIN ENTRY--PERSONAL NAME
Personal name Nicholson, Walter.
245 10 - TITLE STATEMENT
Title Microeconomic theory :
Remainder of title basic principles and extensions /
Statement of responsibility, etc. Walter Nicholson.
250 ## - EDITION STATEMENT
Edition statement 6th ed.
260 ## - PUBLICATION, DISTRIBUTION, ETC. (IMPRINT)
Place of publication, distribution, etc. Fort Worth :
Name of publisher, distributor, etc. Dryden Press,
Date of publication, distribution, etc. c1995.
300 ## - PHYSICAL DESCRIPTION
Extent xxiii, 901 p. :
Other physical details ill. ;
Dimensions 25 cm.
490 1# - SERIES STATEMENT
Series statement Dryden Press series in economics
504 ## - BIBLIOGRAPHY, ETC. NOTE
Bibliography, etc Includes bibliographical references and indexes.
650 #0 - SUBJECT ADDED ENTRY--TOPICAL TERM
Topical term or geographic name as entry element Microeconomics.
830 #0 - SERIES ADDED ENTRY--UNIFORM TITLE
Uniform title Dryden Press series in economics.
942 ## - ADDED ENTRY ELEMENTS (KOHA)
Source of classification or shelving scheme Library of Congress Classification
Koha item type Loan - Normal on open shelf
Holdings
Withdrawn status Lost status Source of classification or shelving scheme Damaged status Not for loan Home library Current library Shelving location Date acquired Total Checkouts Full call number Barcode Date last seen Copy number Price effective from Koha item type
    Library of Congress Classification     UOE Main Library UOE Main Library Open shelf 01/07/2015   HB172 .N49 1995 10055230 27/04/2026 10055230 01/07/2015 Loan - Normal on open shelf
    Library of Congress Classification     UOE Main Library UOE Main Library Open shelf 01/07/2015   HB172 .N49 1995 10054216 27/04/2026 10054216 01/07/2015 Loan - Normal on open shelf